| 000 | 00645nam a2200193 i 4500 | ||
|---|---|---|---|
| 001 | 100088 | ||
| 003 | ES-MaACL | ||
| 005 | 20250915063043.0 | ||
| 007 | t| | ||
| 008 | 050921s1973 sp ||||1| spa d | ||
| 100 | 1 |
_aMartínez Val, José María, _d1916- _978455 |
|
| 245 | 1 | 0 |
_aEuropa _b: nueva Geopolítica y nuevo Derecho / _cJosé Martínez Val. |
| 260 |
_aMadrid : _bInstituto de Estudios Políticos, _c1973. |
||
| 300 |
_a15 h. ; _c24 cm. |
||
| 500 | _aEs tirada aparte de "Revista de Estudios Políticos", nº. 189-190. | ||
| 852 |
_aES-MaACL _j2084-F-7 _bR.89069 |
||
| 852 |
_aES-MaACL _j2103-F-4 _bR.88489 |
||
| 999 |
_c100088 _d100088 |
||